MDQL
is popping MORE tags! Check the
thread
!
Quizzes
Events
Quiz Creation
Community
Videos
Private Events
Remove Ads
Sign In
Join for FREE
Feedback
Dark Mode
Quiz Categories
Sports
Geography
Music
Movies
Television
Just For Fun
Miscellaneous
History
Literature
Language
Science
Gaming
Entertainment
Religion
Holiday
For Kids
Quiz Lab
Recent
Popular Today
Quiz Kudos Today
Editor Picks
Curator Picks
Quizzes by...
Day
Popularity
Type
Ratings
Length
Year
Community
Subscriptions
Recent Discussions
Orange Saloon
Badges
Playlists
Quests
Create
Leaderboards
Showdown
Live 5
Trivia Bingo
Activity
Puzzle Library
Sporcle Events
Private Events
Virtual Trivia
Globe League
Become a Host
Pub Owners
SporcleCon
Opinionation
Our Games
Videos
Blog
Mobile Apps
Partnerships
Remove Ads and Go Orange
Feedback
Movies
Disney
Marvel Cinematic Universe
Movie Resume
Movie Titles
Oscar
Actor
Actress
Director
Pixar
Role
Movie Quotes
Movie Characters
Box Office
Nominee
Best Picture
Star Wars
James Bond
Horror Movies
Movies
Disney
Marvel Cinematic Universe
Movie Resume
Movie Titles
Oscar
Actor
Actress
Director
Pixar
Role
Movie Quotes
Movie Characters
Box Office
Nominee
Best Picture
Star Wars
James Bond
Horror Movies
Random Quiz
Search Sporcle
×
Quiz Lab
Quiz Lab
Movies
Clip
Type in answers that appear in a list
Type in answers that appear in a list
Classic
Best Score? Go Orange.
Memorable Song Uses in Movies(Clip) Stats
Can you name the Movie the song was featured in?
By
CarrytheZero
10m
30 Questions
2,661 Plays
2,661 Plays
2,661 Plays
Comments
Comments
Give Quiz Kudos
Give Quiz Kudos
-
- Ratings
hide this ad
Forced Order
Answers have to be entered in order
Answers have to be entered in order
Replay
Link that replays current quiz
Next Quiz
Link to next quiz in quiz playlist
You Got
0%
They Got
Avg Score
41%
Avg Friend Score
Upgrade to see
Score Distribution
Jump to the score distribution portion of the page
Score
0/30
Timer
10:00
0
Plays Today
Time
Movie
% Correct
0:00 -
0:10
Rocky III
91%
0:10 -
0:20
Back to the Future
82.5%
1:30 -
1:40
Wayne's World
72.7%
3:50 -
4:00
The Graduate
72.1%
4:30 -
4:40
The Breakfast Club
70.3%
1:00 -
1:10
Anchorman
58.4%
3:10 -
3:20
Ferris Bueller's Day Off
58%
2:50 -
3:00
Risky Business
57.2%
0:50 -
1:00
Donnie Darko
54.6%
1:40 -
1:50
Beetlejuice
52.2%
2:00 -
2:10
Reservoir Dogs
51.4%
0:20 -
0:30
Inception
41.8%
3:30 -
3:40
Fight Club
39.4%
4:10 -
4:20
Pulp Fiction
38.8%
2:10 -
2:20
Almost Famous
38.1%
Time
Movie
% Correct
4:00 -
4:10
Animal House
37.9%
4:50 -
5:01
Apocalypse Now
36%
0:30 -
0:40
Office Space
35.8%
3:40 -
3:50
Groundhog Day
34.4%
3:20 -
3:30
A Clockwork Orange
33.8%
2:30 -
2:40
Say Anything
31.9%
1:20 -
1:30
500 Days of Summer
30.8%
1:10 -
1:20
Trainspotting
26.5%
2:40 -
2:50
Goodfellas
25.8%
4:20 -
4:30
American Psycho
24.7%
2:20 -
2:30
Drive
19.8%
4:40 -
4:50
Good Will Hunting
10.9%
1:50 -
2:00
Magnolia
10.2%
0:40 -
0:50
Boogie Nights
7%
3:00 -
3:10
The Life Aquatic with Steve Zissou
3.1%
Quiz Playlist
Details
Report
Send in Message
Add To Playlist
Classic:
Type in answers that appear in a list
Forced Order:
Answers have to be entered in order
Last Updated: Oct 3, 2020
Quiz Scoreboard
CHALLENGE
Sign Up to Join the Scoreboard
Show All
Scores
Hide
Comments
May contain spoilers
Recently Published
1-10 Letter E Words III
by El_Dandy
Language
2m
Street Fighter Characters
by Artimus82
Gaming
60s
College Basketball Coaching Resumes
by pancakes188
Sports
9m
More to Explore
Quiz From the Vault
Featured Blog Post
Where Did the Easter Bunny Come From?
hide this ad
You Might Also Like...
Tags
Clip Quiz
Movie Songs
Today's Top Quizzes in Movies
Browse Movies
hide this ad
Today's Top Quizzes in Clip
Browse Clip
Top Contributed Quizzes in Movies
1
Pick 5 Posters: Directed by Spielberg
2
7-to-1: Pixar Characters
3
Hidden Star Wars Character II
4
Pick 5 Posters: Lowest-Rated Spielberg
5
Hidden Star Wars Character III
6
Sorting Actors
7
Sorting Actresses
8
Hidden Star Wars Character IV
9
Pick 5 Posters: Directed by Scorsese
10
Hidden Star Wars Character V
Explore More
Trending Topics
Kpop
Marvel
NBA
Disney
Harry Potter
Crossword
Anime
WWE
Soccer
NFL
Country
Puzzle
Song
The Office
Pokémon
hide this ad
More By:
CarrytheZero
Quiz
Plays
Rating
Category
Featured
Created
The Smiths Clip Challenge
770
4.69
Music
Oct 14, 2010
Indie Album/Band Matchup (clickable)
758
4.50
Music
Apr 30, 2012
Christmas Clip Challenge
518
4.33
Holiday
Dec 15, 2010
The National (Band) Clip Challenge
150
5.00
Music
Oct 1, 2010
Top Rated Album by Year
100
4.00
Music
Sep 9, 2010
Go to Creator's Profile
Score Distribution
Quiz Creator Spotlight
CarrytheZero
Follow
Send a Message
Quizzes Created
-
Created Quiz Play Count
-
More By This Creator
Popular Quizzes Today
1
Find the US States - No Outlines Minefield
2
Find the Countries of Europe - No Outlines Minefield
3
The Countries of the World
4
Find the US States
5
Risky Map Clicking: Biggest States A-Z
6
US States
7
Popular People in 1961
8
Movies - When Are They Set?
More Movies Quizzes
Badly Drawn Disney Villains
Quiz Lab
Trending Quizzes
Risky Map Clicking: Least Populous States A-Z
Billboard Blitz: Aretha Franklin
Famous Russians: Author or Composer?
1-10 Letter G Words
Countries of the World: 200 Million BC
Recently Updated
Leaping Animals
pecheneg
Reality TV Shows (A-Z)
bhenderson79
Rickey Henderson's Hall of Fame Teammates
pecheneg
Champions League XIs: Arsenal
pecheneg
Quick Pick: Celebrities in WWE's Hall of Fame
aduchscher
A-Z Keypad Blitz II
pecheneg
Multiple Oscar Actors
pecheneg
Mystery Phrase Blitz: Oscar 'Best Actors'
pecheneg
F. Scott Fitzgerald Novels
LTH
Pick 3 Villains
ddd62291
Trending Topics
Marvel
Harry Potter
Disney
Kpop
NBA
Crossword
Anime
The Office
Song
NFL
WWE
Soccer
Puzzle
Pokémon
Country
Your Account Isn't Verified!
In order to create a playlist on Sporcle, you need to verify the email address you used during registration. Go to your
Sporcle Settings
to finish the process.
Report this User
Report this user for behavior that violates our
Community Guidelines
.
Details:
Send Report
Go to the Sporcle.com Mobile Site →
Comments